Filme mit Whoopi Goldberg - Sudden Death - Statistiken

Allgemein
  • Dieses Quiz wurde 111 mal gespielt
  • Das Durchschnittsergebnis liegt bei 8 aus 26
Answers on the Grid
Answers color-coded by a green-red scale on the quiz's grid according to % correct below.
Die Farbe Lila
Tief wie der Ozean
Durchgeknallt
Jumpin' Jack Flash
Rat Race - Der nackte Wahnsinn
Nenn' mich einfach Nikolaus
9/11
Die diebische Elster
Fatal Beauty
Claras Geheimnis
Die kleinen Superstrolche
Corrina, Corrina
Homer und Eddie
Ghost - Nachricht von Sam
Der lange Weg
Kaffee, Milch & Zucker
Moonlight & Valentino
Eddie - Eine Frau für alle Bälle
Bogus
Wer ist Mr. Cutty?
Ein Ritter in Camelot
Lieblingsfeinde - Eine Seifenoper
The Player
Sister Act
Made in America
Alice im Wunderland
Grüne Tomaten
Life of Pi: Schiffbruch mit Tiger
Jack allein im Serienwahn
The Producers - Frühling für Hitler
Die Akte
Falsches Spiel mit Roger Rabbit
Das schönste Freudenhaus in Texas
Nine to Five - Warum eigentlich... bringen wir den Chef nicht um?
Veronika beschließt zu sterben
Harry Potter und der Gefangene von Askaban
Is' was, Doc?
Die Rückkehr der Killertomaten
Malcolm X
Philadelphia
 
Antwortstatistiken
Antwort % Korrekt
Sister Act
83%
Die Farbe Lila
71%
Ghost - Nachricht von Sam
69%
Jumpin' Jack Flash
66%
Kaffee, Milch & Zucker
66%
Wer ist Mr. Cutty?
57%
Corrina, Corrina
54%
Die diebische Elster
46%
Made in America
46%
Bogus
31%
Ein Ritter in Camelot
29%
Rat Race - Der nackte Wahnsinn
23%
Eddie - Eine Frau für alle Bälle
20%
Claras Geheimnis
14%
Die kleinen Superstrolche
14%
Lieblingsfeinde - Eine Seifenoper
14%
Moonlight & Valentino
14%
Alice im Wunderland
9%
Der lange Weg
9%
Durchgeknallt
9%
Homer und Eddie
9%
9/11
6%
Fatal Beauty
6%
Nenn' mich einfach Nikolaus
6%
The Player
6%
Tief wie der Ozean
6%
Keine übereinstimmenden Quizze gefunden
Verteilung der Resultate
Anzahl Personen mit jedem Resultat
Perzentil nach korrekt beantworteten Fragen
Ihre Resultats-Entwicklung
Sie haben dieses Quiz noch nicht gespielt